000 00559nam a2200229Ia 4500
003 OSt
005 20221005050200.0
006 a|||||r|||| 00| 0
007 ta
008 221004b |||||||| |||| 00| 0 eng d
024 _a65522
037 _cTextual
040 _aCRL
_cCRL
_beng
041 _2eng
_aeng
082 _aV495y7N42, M4
245 0 _aGreat Personality
260 _aKorea
_bForeign Language
_c1984
300 _a221p.
_ccm.
650 _aHISTORY
942 _hV495y7N42, M4
_cTEXL
_2cc
999 _c956458
_d956458